Score 0/63 Timer 05:00
0 Plays Today
% Correct
ROSE
97.9%
ROSE
97.9%
RUDE
93.4%
RODE
93.3%
PORK
92.3%
WORK
91.3%
WORK
91.3%
WAND
91.1%
BUSH
90.4%
BUSH
90.4%
FIRE
90.2%
FIRE
90.2%
BARK
90.2%
RUST
89.6%
BUST
89.5%
FORE
89.3%
HAND
89.1%
RISE
88.2%
BARE
87.4%
WARD
87.3%
PORT
86.9%
RUSE
86.7%
WALT
85.9%
BORE
85.4%
ROCK
84.8%
ROCK
84.8%
WALK
84.6%
WALK
84.6%
MICE
83.4%
MILE
82.6%
WORE
82.3%
MICK
81.4%
% Correct
SALT
80.1%
BASH
79.8%
BASE
79.8%
BACK
78.4%
WARE
78.1%
LOCK
77.2%
TALK
76.7%
LACK
75.4%
SILT
74.4%
FORT
74%
WISE
73.3%
MILD
73%
RICK
72.1%
CAKE
71.9%
CAKE
71.9%
VASE
71.9%
MACE
71.4%
TILT
71.4%
WILD
69.9%
MAKE
68.8%
TILL
68.3%
TALE
67.9%
TALL
67.2%
BARD
67.2%
WILE
66.1%
VALE
65.9%
HARD
65%
HARD
65%
FIRM
63%
CASE
62%
FORM
60.5%

Today's Daily Dose

Remove Ads.
Support Sporcle.
Get the best of Sporcle when you Go Orange. This ad-free experience offers more features, more stats, and more fun while also helping to support Sporcle. Thank you for becoming a member.

You're not logged in!

Compare scores with friends on all Sporcle quizzes.
OR
Log In

Show Comments

Extras

Top Quizzes Today


Score Distribution

Your Account Isn't Verified!

In order to create a playlist on Sporcle, you need to verify the email address you used during registration. Go to your Sporcle Settings to finish the process.

Report this User

Report this user for behavior that violates our Community Guidelines.

Details: